| 000 | 00742nas a2200265 4500 | ||
|---|---|---|---|
| 001 | BR0200190 | ||
| 003 | BR-BrBNA | ||
| 005 | 20231205102634.0 | ||
| 007 | ta | ||
| 008 | 230509b bl.|||p| |||| 00| 00por d | ||
| 040 |
_aBR-BrBNA _bpor _cBiblioteca Nacional de Agricultura |
||
| 041 | _a(Pt) | ||
| 072 | _aL72 | ||
| 100 | 1 | _aJournel, C. | |
| 100 | 1 | _aPitel, P.H. | |
| 100 | 1 | _aCheuiche, A.J. de V. | |
| 245 | 1 | _aDiagnóstico da neosporose em bovinos | |
| 650 | _aBOVINO | ||
| 650 | _aNEOSPOROSE | ||
| 650 | _aINFECÇÃO | ||
| 650 | _aDISTÚRBIO ANIMAL | ||
| 773 | 0 |
_tHora Veterinária (Brazil) _xISSN 0101-9163 _g(Jul-Aug 2001), v. 21(122) p. 70-72 _wBR0200190 |
|
| 909 |
_a202311 _bLúcia _c55 _dLúcia Elande |
||
| 942 |
_2AGRIS _n0 _cANA |
||
| 999 |
_c168583 _d168583 |
||